Kaunseling kekeluargaan : mendisiplinkan anak melalui kasih sayang

Bibliographic Details
Main Author: Noraini Ahmad
Corporate Author: Title
Format: Book
Published: Kuala Lumpur : Utusan Publications & Distributors , 2005
Series:Siri motivasi dan kecemerlangan Utusan
Subjects:

MARC

LEADER 00000cam a2200000 7i4500
001 0000012089
005 20071129.0
008 071129
020 |a 9676113042 
090 0 0 |a 362.8286   |b NOR 
100 0 |a Noraini Ahmad 
245 1 0 |a Kaunseling kekeluargaan :   |b mendisiplinkan anak melalui kasih sayang   |c Noraini Ahmad 
260 |a Kuala Lumpur :   |b Utusan Publications & Distributors ,   |c 2005 
440 |a Siri motivasi dan kecemerlangan Utusan 
650 0 |a Child care 
650 0 |a Child rearing 
650 0 |a Family counseling 
650 0 |a Malay fiction 
650 0 |a Parenting 
710 0 |a Title 
999 |a 0001004506   |b Book   |c Adult Collection   |e Perbadanan Perpustakaan Awam Johor 
999 |a 0001004507   |b Book   |c Adult Collection   |e Perbadanan Perpustakaan Awam Johor 
999 |a 0001004508   |b Book   |c Adult Collection   |e Perbadanan Perpustakaan Awam Johor